000 00496nam a2200217Ia 4500
008 101110s9999 xx 000 0 und d
041 _aENGLISH
082 _bSR34277
100 _aHolzner Steve
245 _aAjax for dummies
260 _c2006
_bWiley dreamtech, New Delhi
300 _a359
365 _b299
520 _aComputer
546 _aENGLISH
630 _aAjax for dummies
650 _aComputer
655 _aComputer
730 _aAjax for dummies
942 _cBOOK
999 _c826778
_d826775